Fr. Conceicao Rodrigues College of Engineering

Corrosion In Action (Record no. 26516)

MARC details
000 -LEADER
fixed length control field 00281nam a2200133Ia 4500
082 ## - DEWEY DECIMAL CLASSIFICATION NUMBER
Classification number 620.1
100 ## - MAIN ENTRY--PERSONAL NAME
Personal name Laque/F.L
245 ## - TITLE STATEMENT
Title Corrosion In Action
260 ## - PUBLICATION, DISTRIBUTION, ETC.
Name of publisher, distributor, etc. International Nickel
Place of publication, distribution, etc. NEWYORK
Date of publication, distribution, etc. 1955
300 ## - PHYSICAL DESCRIPTION
Extent 47
546 ## - LANGUAGE NOTE
Language note ENGLISH
654 ## - SUBJECT ADDED ENTRY--FACETED TOPICAL TERMS
Focus term Corrosion
942 ## - ADDED ENTRY ELEMENTS (KOHA)
Koha item type BOOK
Holdings
Withdrawn status Lost status Damaged status Not for loan Collection Home library Current library Date acquired Total Checkouts Full call number Barcode Date last seen Price effective from Koha item type
        AFT Fr. Agnel's C.Rodrigues College of Engineering Fr. Agnel's C.Rodrigues College of Engineering 17/03/2023   620.1 AFT1253 17/03/2023 17/03/2023 BOOK